Zahraničnoobchodná spolupráca SR s Ruskou federáciou diplomová práca

Na minha lista:
Detalhes bibliográficos
Autor principal: Galant, Eliza
Autor Corporativo: Obchodná fakulta EU. Katedra medzinárodného obchodu
Outros Autores: Kašťáková, Elena, 1974-
Formato: Livro
Idioma:eslovaco
Publicado em: Bratislava 2011
Tags: Adicionar Tag
Sem tags, seja o primeiro a adicionar uma tag!

MARC

LEADER 00000nam a2200000 4500
001 0147569
005 20240318124859.3
041 0 |a slo 
044 |a SK 
245 1 0 |a Zahraničnoobchodná spolupráca SR s Ruskou federáciou  |b diplomová práca  |c Eliza Galant ; školiteľ: Elena Kašťáková 
264 1 |a Bratislava  |c 2011 
300 |a 69 s. 
100 1 |a Galant, Eliza 
700 1 |a Kašťáková, Elena, 1974- 
710 2 |a Obchodná fakulta EU. Katedra medzinárodného obchodu